Rôles de Louis de Funès - Mort Subite - Statistiques

Statistiques générales
  • Ce quiz a été pris 754 fois
    84 depuis la dernière actualisation
  • Le résultat moyen est 7 sur 20
Answers on the Grid
Answers color-coded by a green-red scale on the quiz's grid according to % correct below.
Ludovic Cruchot
Marcel Martin
Blaze
Claude Ratignier
Harpagon
Charles Bosquier
Augustin Bouvet
Charles Duchemin
Charles Taupin
Jambier
André Castagnier
Fantomas
Simon Guilbaud
Victor Pivert
Don Salluste
Jacques Tricatel
Jules Berlicot
Septime
Paul Juve
Victor Garnier
Stanislas Lefort
Paul Fournier
Jérôme Fandor
Evan Evans
Félicien Mézeray
Grandgil
Christian Martin
Hubert Barrère de Tartas
Henri Roubier
Francis Chérasse
Léopold Saroyan
Léonard Monestier
Bertrand Barnier
Stéphane Michonnet
Maurice Pellot
Louis-Philippe Fourchaume
 
Statistiques - réponses
Réponse % Correct
Ludovic Cruchot
63%
Charles Duchemin
53%
Septime
53%
Victor Pivert
53%
Don Salluste
50%
Harpagon
50%
Stanislas Lefort
44%
Hubert Barrère de Tartas
41%
Jambier
41%
Léopold Saroyan
38%
Paul Juve
34%
Louis-Philippe Fourchaume
31%
Claude Ratignier
22%
Evan Evans
19%
Léonard Monestier
16%
Victor Garnier
16%
Félicien Mézeray
13%
Charles Bosquier
9%
Henri Roubier
9%
Bertrand Barnier
3%
Aucun quiz correspondant
Distribution des résultats
% des personnes avec chaque résultat
Percentile par nombre de réponses
Votre historique - résultats
Vous n’avez pas pris ce quiz depuis la dernière actualisation